000 00483nam a2200193Ia 4500
005 20231010102913.0
008 131103s9999 xx 000 0 und d
040 _aLoreto College
041 _aEnglish
082 _a299.512
_bGIL
245 4 _aThe Sayings of Confucius
_cTranslated by Lionel Giles
260 _aLondon
_bJohn murray
_c1958
300 _a132p.
650 _aConfucius
651 _aReligion
700 _aGiles, Lionel; ed.
850 _aLCLIB
942 _cBK
999 _c23266
_d73745